000 00377nam a2200145 4500
001 107145
003 ES-MaACL
007 t|
008 061121s1930 ve r ||||1| spa d
100 1 _aMorales Lara, Julio.
_983045
245 1 0 _aSavia
_b: versos /
_cJulio Morales Lara.
260 _aCaracas :
_bVargas,
_c1930.
300 _a108 p. ;
_c17 cm.
852 _aES-MaACL
_jB-3795
999 _c107145
_d107145